Date Importanti - Statistics

Statistiche generali
  • Questo quiz è stato fatto 16 volte
  • Il punteggio medio è 5 su 46
Statistiche sulle risposte
Evento Data % Corretto
bomba atomica Hiroshima 6 agosto 1945
56%
inizio WW2 1 settembre 1939
50%
nascita Reppublica Italiana 2 giugno 1946
50%
attentato di Sarajevo 28 giugno 1914
44%
bomba atomica Nagasaki 9 agosto 1945
38%
disfatta di Caporetto 24 ottobre 1917
31%
Italia entra in WW1 24 maggio 1915
25%
Inizio WW1 28 luglio 1914
19%
Armistizio WW1 Italia-Austria 4 novembre 1918
19%
fine WW1 11 novembre 1918
13%
patto molotov-ribbentrop 23 agosto 1939
13%
Battaglia di Vittorio Veneto 24 ottobre 1918
13%
morte Mussolini 28 aprile 1945
13%
Marcia su Roma 28 ottobre 1922
13%
suicidio di Hitler 30 aprile 1945
13%
sbarco in normandia 6 giugno 1944
13%
affonda il Titanic 15 aprile 1912
6%
giovedì nero, crollo di Wall Street 29 ottobre 1929
6%
generale Paulus si arrende ai sovietici 2 febbraio 1943
6%
fine WW2 2 settembre 1945
6%
entrata in WW1 USA 6 aprile 1917
6%
rivoluzione russa d'ottobre 7 novembre 1917
6%
costruzione primo carro armato 11 agosto 1915
0%
annessione tedesca dell'Austria 12 marzo 1938
0%
Esposizione Universale di Parigi 15 aprile 1900
0%
massima espansione tedesca in WW2 16 aprile 1942
0%
Primo volo aereo f.lli Wright 17 dicembre 1903
0%
assassinio Zar Nicola II 17 luglio 1918
0%
terremoto San Francisco 18 aprile 1906
0%
Pubblicazione manifesto del futurismo 20 febbraio 1909
0%
Morte regina Vittoria 22 gennaio 1901
0%
inizio battaglia di Stalingrado 23 agosto 1942
0%
Mao Tse Tung fonda il partito comunista cinese 23 luglio 1921
0%
fondazione fasci di combattimento 23 marzo 1919
0%
strage delle fosse ardeatine 24 marzo 1944
0%
fondazione FBI 26 luglio 1908
0%
Terremoto di Messina 28 dicembre 1908
0%
trattato di Versailles 28 giugno 1919
0%
ordine 227 "non un passo indietro" 28 luglio 1942
0%
nasce l'Albania 28 novembre 1912
0%
Assassinio Umberto I 29 luglio 1900
0%
Primo volo dirigibile zeppelin 2 luglio 1900
0%
scoperta della tomba di Tutankhamon 4 novembre 1922
0%
Assassinio McKinley 6 settembre 1901
0%
Hitler dichiara la presa di Stalingrado 8 novembre 1942
0%
fondazione partito nazionale fascista 9 novembre 1921
0%
Nessun quiz corrispondente trovato
Distribuzione punteggi
Percentuale di utenti per punteggio
Percentile per numero di risposta
I tuoi punteggi nel tempo
Non hai fatto questo quiz